Tấm lòng nhà giáo T.2

Saved in:
Bibliographic Details
Main Author: Nhiều tác giả
Format: Book
Language:Undetermined
Published: H. Giáo dục 2001
Subjects:
Online Access:http://lrc.tdmu.edu.vn/opac/search/detail.asp?aID=2&ID=7131
Tags: Add Tag
No Tags, Be the first to tag this record!
Institutions: Trung tâm Học liệu Trường Đại học Thủ Dầu Một
LEADER 00596nam a2200205Ia 4500
001 TDMU_7131
008 210410s9999 xx 000 0 und d
082 |a 895.9221 
090 |b T126 
100 |a Nhiều tác giả 
245 0 |a Tấm lòng nhà giáo 
245 0 |c Nhiều tác giả 
245 0 |n T.2 
260 |a H. 
260 |b Giáo dục 
260 |c 2001 
300 |a 458tr 
650 |a Thơ; Tấm lòng nhà giáo 
856 |u http://lrc.tdmu.edu.vn/opac/search/detail.asp?aID=2&ID=7131 
980 |a Trung tâm Học liệu Trường Đại học Thủ Dầu Một